000 005230000a22001810004500
003 MACL
005 20160305132021.0
008 160305b xxu||||| |||| 00| 0 eng d
040 _aMACL
_cMACL
041 _aHindi
082 _a891.432
100 _aपाण्‍डे मृणाल
_943032
245 _aजो राम रचि राखा
260 _bसरस्‍वती विहार
_c1983
_aनई दिल्‍ली
350 _a20
650 _aDrama
_943033
942 _cHIN
_k891.432
_2ddc
999 _c28415
_d28415